[Event "San Cristobal de La Laguna op-A 6th"]
[Site "San Cristobal de La Laguna"]
[Date "2024.08.30"]
[Round "8"]
[White "Pleschke, Julius Jonas"]
[Black "Abreu Suarez, Isauro"]
[Result "1-0"]
[WhiteElo "2109"]
[BlackElo "1996"]
[PlyCount "53"]
[EventDate "2024.08.24"]
[EventType "swiss"]
[EventRounds "9"]
[EventCountry "ESP"]
[SourceTitle "CBM 221 Extra"]
[Source "ChessBase"]
[SourceDate "2024.09.30"]
[SourceVersion "1"]
[SourceVersionDate "2024.09.30"]
[SourceQuality "1"]

1. d4 c5 2. e4 cxd4 3. Nf3 e5 4. c3 Nc6 5. cxd4 exd4 6. Nxd4 Nf6 7. Nc3 Bb4 8. Bg5 0-0 9. Be2 Re8 10. 0-0 Bxc3 11. bxc3 d5 12. exd5 Nxd4 13. cxd4 b6 14. Bb5 Bd7 15. Bxf6 gxf6 16. Bc6 Bxc6 17. dxc6 Qd5 18. Rc1 Re4 19. c7 Rc8 20. Qf3 Rxd4 21. Qxf6 Qd6 22. Qg5+ Qg6 23. Qe3 Rd7 24. Rfd1 Rxd1+ 25. Rxd1 Kg7 26. Qd4+ Qf6 27. Qg4+ 1-0

[Event "San Cristobal de La Laguna op-A 6th"]
[Site "San Cristobal de La Laguna"]
[Date "2024.08.29"]
[Round "7"]
[White "Uzcategui Rodriguez, Alejandro"]
[Black "Pleschke, Julius Jonas"]
[Result "1-0"]
[WhiteElo "2268"]
[BlackElo "2109"]
[PlyCount "119"]
[EventDate "2024.08.24"]
[EventType "swiss"]
[EventRounds "9"]
[EventCountry "ESP"]
[SourceTitle "CBM 221 Extra"]
[Source "ChessBase"]
[SourceDate "2024.09.30"]
[SourceVersion "1"]
[SourceVersionDate "2024.09.30"]
[SourceQuality "1"]

1. d4 Nf6 2. c4 e6 3. Nc3 Bb4 4. e3 0-0 5. Bd3 c5 6. Nge2 d6 7. 0-0 e5 8. dxe5 dxe5 9. Qc2 h6 10. Rd1 Qe7 11. Nd5 Nxd5 12. cxd5 Rd8 13. Ng3 Ba5 14. e4 Bc7 15. Be3 Bd6 16. Rac1 b6 17. Rf1 Na6 18. a3 Nc7 19. f4 Ne8 20. f5 f6 21. Qd2 a5 22. Qe2 Bc7 23. Nh5 Qf7 24. Qg4 Kf8 25. Rf3 Ba6 26. Bxa6 Rxa6 27. Rg3 Rd7 28. Qh4 Ke7 29. Rg6 Bd8 30. Qg4 Kd6 31. b4 axb4 32. axb4 Rc7 33. Qe2 Ra3 34. bxc5+ bxc5 35. Rg3 Ra5 36. Bf2 Qd7 37. Be1 Ra8 38. Rgc3 Ke7 39. Bf2 Kf8 40. Rxc5 Rxc5 41. Bxc5+ Be7 42. Be3 Nd6 43. Ng3 Rc8 44. Rxc8+ Nxc8 45. Qa6 Qe8 46. h3 Nd6 47. Bc5 Nxf5 48. d6 Nxg3 49. dxe7+ Kg8 50. Qd3 Nh5 51. Qd5+ Kh7 52. Qd8 Qc6 53. e8Q Qxc5+ 54. Kh2 Qf2 55. Qxh5 Qf4+ 56. Kg1 Qc1+ 57. Kf2 Qf4+ 58. Kg1 Qe3+ 59. Kf1 Qc1+ 60. Qdd1 1-0

[Event "San Cristobal de La Laguna op-A 6th"]
[Site "San Cristobal de La Laguna"]
[Date "2024.08.28"]
[Round "6"]
[White "Pleschke, Julius Jonas"]
[Black "Arnaiz Yanes, Miguel Angel"]
[Result "1-0"]
[WhiteElo "2109"]
[BlackElo "1959"]
[PlyCount "77"]
[EventDate "2024.08.24"]
[EventType "swiss"]
[EventRounds "9"]
[EventCountry "ESP"]
[SourceTitle "CBM 221 Extra"]
[Source "ChessBase"]
[SourceDate "2024.09.30"]
[SourceVersion "1"]
[SourceVersionDate "2024.09.30"]
[SourceQuality "1"]

1. d4 Nf6 2. Nc3 d5 3. Bf4 e6 4. Nb5 Na6 5. e3 c6 6. Nc3 Nc7 7. Nf3 Bd6 8. Ne5 0-0 9. Bd3 a6 10. Qf3 Nb5 11. Nxb5 axb5 12. g4 Bxe5 13. Bxe5 Ne4 14. Bxe4 dxe4 15. Qxe4 Qa5+ 16. Ke2 Qb4 17. Qd3 f6 18. a3 Qe7 19. Bg3 e5 20. f3 Be6 21. Kf2 Bc4 22. Qc3 exd4 23. Qxd4 Rad8 24. Qc3 f5 25. g5 f4 26. Bxf4 Rxf4 27. exf4 Qe2+ 28. Kg3 Rd2 29. Rae1 Qg2+ 30. Kh4 Qf2+ 31. Kg4 Qg2+ 32. Kf5 Qh3+ 33. Ke4 Bd5+ 34. Ke3 Rg2 35. Rhf1 Qd7 36. Qe5 Bc4 37. Rf2 Rxf2 38. Kxf2 Kf7 39. Kg3 1-0

[Event "San Cristobal de La Laguna op-A 6th"]
[Site "San Cristobal de La Laguna"]
[Date "2024.08.26"]
[Round "4"]
[White "Pleschke, Julius Jonas"]
[Black "Fiorito, Fabian"]
[Result "0-1"]
[WhiteElo "2109"]
[BlackElo "2281"]
[PlyCount "126"]
[EventDate "2024.08.24"]
[EventType "swiss"]
[EventRounds "9"]
[EventCountry "ESP"]
[SourceTitle "CBM 221 Extra"]
[Source "ChessBase"]
[SourceDate "2024.09.30"]
[SourceVersion "1"]
[SourceVersionDate "2024.09.30"]
[SourceQuality "1"]

1. Nf3 Nf6 2. g3 g6 3. Bg2 Bg7 4. 0-0 0-0 5. d4 d6 6. a4 a5 7. c3 c6 8. Na3 d5 9. c4 dxc4 10. Nxc4 Be6 11. b3 Bd5 12. Bb2 Nbd7 13. Rc1 Re8 14. Re1 Qb8 15. Qc2 Bh6 16. Ncd2 Bxf3 17. exf3 Nd5 18. f4 e6 19. Nc4 Rd8 20. Rcd1 Bf8 21. Ne5 Nxe5 22. dxe5 Bb4 23. Rf1 Rd7 24. Bf3 Qf8 25. Rd3 Bc5 26. Bc3 Bb6 27. Rfd1 Qc5 28. Qb2 Rad8 29. Bd4 Qb4 30. Bxb6 Nxb6 31. Qc2 Kf8 32. Kg2 Ke8 33. h4 h5 34. Kh2 Rxd3 35. Rxd3 Rxd3 36. Qxd3 Nd7 37. Bd1 Kd8 38. Kg2 Kc8 39. Kg1 Nc5 40. Qe3 Kc7 41. Bc2 b5 42. Kg2 bxa4 43. bxa4 Qc4 44. Bb1 Kb6 45. Kh2 Qxa4 46. Qd2 Nb7 47. Qe3+ Kc7 48. Be4 Qb4 49. Bc2 Nc5 50. Qe2 Qd4 51. Qe1 Kb6 52. Qb1+ Ka7 53. Kg2 a4 54. Qe1 Kb6 55. Qb1+ Kc7 56. Qe1 Nb7 57. Qc1 Qc3 58. Qb1 a3 59. Bb3 Nc5 60. Ba2 Qb2 61. Qd1 Nb7 62. Bc4 a2 63. Bxa2 Qxa2 0-1

[Event "San Cristobal de La Laguna op-A 6th"]
[Site "San Cristobal de La Laguna"]
[Date "2024.08.24"]
[Round "1"]
[White "Kovchan, Alexander"]
[Black "Pleschke, Julius Jonas"]
[Result "1-0"]
[WhiteElo "2440"]
[BlackElo "2109"]
[PlyCount "63"]
[EventDate "2024.08.24"]
[EventType "swiss"]
[EventRounds "9"]
[EventCountry "ESP"]
[SourceTitle "CBM 221 Extra"]
[Source "ChessBase"]
[SourceDate "2024.09.30"]
[SourceVersion "1"]
[SourceVersionDate "2024.09.30"]
[SourceQuality "1"]

1. e4 c6 2. d4 d5 3. e5 Bf5 4. Be2 e6 5. Nf3 Nd7 6. 0-0 Ne7 7. Nbd2 h6 8. Nb3 Qc7 9. a4 g5 10. Bd2 a5 11. Ne1 Bg7 12. Nd3 0-0 13. f4 gxf4 14. Nxf4 c5 15. Nh5 cxd4 16. Nxg7 Kxg7 17. Nxd4 Bg6 18. Qe1 Nc6 19. Qh4 Rh8 20. Nb5 Qd8 21. Qg3 Qe7 22. h4 h5 23. Bg5 Qc5+ 24. Rf2 d4 25. Nd6 Ncxe5 26. Be7 Qd5 27. Bc4 Qc6 28. Bb5 Qd5 29. Bxd7 Ng4 30. c4 dxc3 31. Qxc3+ Kh7 32. Rd2 1-0

[Event "La Palma Island op"]
[Site "Santa Cruz de La Palma"]
[Date "2024.08.05"]
[Round "5"]
[White "Perez Guerra, Raul"]
[Black "Pleschke, Julius Jonas"]
[Result "0-1"]
[WhiteElo "2317"]
[BlackElo "2109"]
[PlyCount "148"]
[EventDate "2024.08.02"]
[EventType "swiss"]
[EventRounds "10"]
[EventCountry "ESP"]
[SourceTitle "CBM 221 Extra"]
[Source "ChessBase"]
[SourceDate "2024.09.30"]
[SourceVersion "1"]
[SourceVersionDate "2024.09.30"]
[SourceQuality "1"]

1. e4 c6 2. Nf3 d5 3. d3 dxe4 4. dxe4 Qxd1+ 5. Kxd1 Nf6 6. Nfd2 g5 7. a4 Rg8 8. Be2 Nbd7 9. b4 a5 10. b5 Nc5 11. Nc3 Bg7 12. Ra3 Ng4 13. Ke1 Bxc3 14. Rxc3 Nxa4 15. Ra3 Nc5 16. Nc4 Nf6 17. Nb6 Rb8 18. bxc6 bxc6 19. Nxc8 Rxc8 20. e5 Nd5 21. Rxa5 Nd7 22. c4 Nb4 23. e6 fxe6 24. Bh5+ Kd8 25. Ke2 c5 26. Bb2 Nc6 27. Ra3 e5 28. Rha1 Kc7 29. Bg4 Rgd8 30. Bc3 Rb8 31. Ra6 Nb6 32. Bf3 Nd4+ 33. Kf1 Rd6 34. R6a5 Nxf3 35. gxf3 Nd7 36. Re1 Re6 37. Kg2 Rb7 38. Kg3 h5 39. Re2 Rb3 40. Re3 Rb1 41. Kg2 Rb8 42. Re1 Rb3 43. Bd2 g4 44. fxg4 hxg4 45. Be3 Rc3 46. Ra7+ Kc8 47. Ra8+ Kc7 48. Rea1 Rb6 49. Bd2 Rxc4 50. Ba5 Kc6 51. Bxb6 Nxb6 52. Rg8 Nd5 53. Rg6+ Kb5 54. Rg5 Nf4+ 55. Kf1 Nd3 56. Rb1+ Kc6 57. Ke2 Nf4+ 58. Kd2 Rd4+ 59. Kc2 Nd3 60. Rf1 Kd5 61. Rg8 Kc4 62. Re8 Nb4+ 63. Kc1 Kb3 64. Rxe7 Na2+ 65. Kb1 Rd2 66. Rb7+ Nb4 67. Rg1 c4 68. Kc1 Ra2 69. Rxg4 Rxf2 70. Re4 Kc3 71. Kd1 Nd3 72. Rxc4+ Kxc4 73. Re7 Kd4 74. Rg7 e4 0-1

[Event "Vecindario Montalvo Memorial 16th"]
[Site "Vecindario"]
[Date "2024.03.26"]
[Round "4"]
[White "Rossello Padron, Carlos Eduardo"]
[Black "Pleschke, Julius Jonas"]
[Result "0-1"]
[WhiteElo "1792"]
[BlackElo "1993"]
[PlyCount "90"]
[EventDate "2024.03.23"]
[EventType "swiss"]
[EventRounds "9"]
[EventCountry "ESP"]
[SourceTitle "CBM 219 Extra"]
[Source "ChessBase"]
[SourceDate "2024.05.31"]
[SourceVersion "1"]
[SourceVersionDate "2024.05.31"]
[SourceQuality "1"]

1. c4 e5 2. Nc3 Nc6 3. e3 Nf6 4. Nge2 d5 5. cxd5 Nxd5 6. Nxd5 Qxd5 7. Nc3 Qd8 8. Bb5 Bd7 9. 0-0 Bd6 10. Ne4 0-0 11. Nxd6 cxd6 12. b3 d5 13. d4 e4 14. Qh5 f5 15. f3 Be8 16. Qh3 Nxd4 17. Bxe8 Ne2+ 18. Kf2 Nxc1 19. Raxc1 Qxe8 20. Kg1 Rc8 21. Rcd1 Qe5 22. f4 Qe6 23. Rf2 Rc3 24. Rfd2 Qb6 25. Kf2 Qa5 26. g4 fxg4 27. Qxg4 Qc5 28. Rd4 Rc2+ 29. R1d2 Qxd4 30. Rxc2 Qf6 31. Kg3 Qb6 32. Re2 Qc6 33. Rd2 Rf6 34. Kf2 h6 35. h4 Kh7 36. Qh5 Rd6 37. Qf5+ Kg8 38. Qe5 a6 39. h5 Rd8 40. Qf5 Qd7 41. Qg6 Qf7 42. Qg4 Qf6 43. Rc2 d4 44. Rc8 dxe3+ 45. Kxe3 Qd4+ 0-1

[Event "Wch U14"]
[Site "Montesilvano"]
[Date "2023.11.15"]
[Round "3"]
[White "Dotzer, Lukas"]
[Black "Pleschke, Julius Jonas"]
[Result "1/2-1/2"]
[WhiteElo "2339"]
[BlackElo "2024"]
[PlyCount "60"]
[EventDate "2023.11.13"]
[EventType "swiss"]
[EventRounds "11"]
[EventCountry "ITA"]
[SourceTitle "CBM 217 Extra"]
[Source "ChessBase"]
[SourceDate "2024.01.31"]
[SourceVersion "1"]
[SourceVersionDate "2024.01.31"]
[SourceQuality "1"]

1. e4 c5 2. Nf3 e6 3. d4 cxd4 4. Nxd4 Nc6 5. Nc3 Qc7 6. Be3 a6 7. g4 h6 8. f4 b5 9. Nxc6 Qxc6 10. Bg2 Bb7 11. a3 Rc8 12. Qd3 Qc4 13. 0-0 Bc5 14. Rfe1 Qxd3 15. cxd3 Bxe3+ 16. Rxe3 Ne7 17. Kf2 g5 18. f5 e5 19. h4 f6 20. Rh1 Kf7 21. Reh3 Kg7 22. hxg5 hxg5 23. Rxh8 Rxh8 24. Rxh8 Kxh8 25. Nd5 Bxd5 26. exd5 Nc8 27. Ke3 Nd6 28. Bf1 a5 29. b4 a4 30. d4 e4 1/2-1/2

[Event "La Palma Island op"]
[Site "Santa Cruz de La Palma"]
[Date "2023.08.06"]
[Round "2"]
[White "Pleschke, Julius Jonas"]
[Black "Del Rey, Diego"]
[Result "0-1"]
[WhiteElo "1961"]
[BlackElo "2327"]
[PlyCount "134"]
[EventDate "2023.08.05"]
[EventType "swiss"]
[EventRounds "9"]
[EventCountry "ESP"]
[SourceTitle "CBM 215 Extra"]
[Source "ChessBase"]
[SourceDate "2023.09.30"]
[SourceVersion "1"]
[SourceVersionDate "2023.09.30"]
[SourceQuality "1"]

1. Nf3 d5 2. g3 Bg4 3. Bg2 c6 4. d4 Nd7 5. 0-0 e6 6. c4 Ngf6 7. h3 Bh5 8. cxd5 exd5 9. Bf4 Be7 10. Nc3 0-0 11. Qb3 Qb6 12. Qxb6 axb6 13. g4 Bg6 14. Ne5 Nxe5 15. Bxe5 Nd7 16. Bg3 b5 17. a3 Rfe8 18. Rfe1 b4 19. axb4 Bxb4 20. e3 Nb6 21. Rec1 Nc4 22. Rxa8 Rxa8 23. Nxd5 cxd5 24. Bxd5 Nxb2 25. Bxb7 Re8 26. Rc7 Ba5 27. Rc5 Be1 28. Rc7 Rd8 29. Kf1 Ba5 30. Rc5 Bb6 31. Rc6 Bd3+ 32. Kg1 Ba5 33. Rc5 Bb4 34. Rc7 h6 35. Bf3 Nc4 36. Rb7 Bd6 37. Bxd6 Nxd6 38. Rb2 Rc8 39. Kh2 Ne4 40. Ra2 g6 41. Bxe4 Bxe4 42. Kg3 Rc2 43. Ra7 Kg7 44. Ra6 Bd3 45. f3 Rd2 46. h4 g5 47. hxg5 hxg5 48. Ra1 f6 49. f4 Kh6 50. Ra7 Bc4 51. f5 Bd5 52. Rd7 Rg2+ 53. Kh3 Bf3 54. Rf7 Rxg4 55. Rxf6+ Kg7 56. Rg6+ Kf7 57. e4 Rg1 58. e5 Be4 59. e6+ Kf8 60. Rf6+ Ke8 61. Rf7 g4+ 62. Kh4 g3 63. Kg5 Rf1 64. f6 g2 65. Re7+ Kd8 66. Rd7+ Kc8 67. f7 g1Q+ 0-1

[Event "ESP-ch U14 rapid"]
[Site "Salobrena"]
[Date "2023.07.23"]
[Round "8"]
[White "Mompel Ferruz, Xavier"]
[Black "Pleschke, Julius Jonas"]
[Result "1/2-1/2"]
[WhiteElo "2017"]
[BlackElo "1730"]
[PlyCount "165"]
[EventDate "2023.07.22"]
[EventType "swiss (rapid)"]
[EventRounds "9"]
[EventCountry "ESP"]
[SourceTitle "EXT 2024"]
[Source "ChessBase"]
[SourceDate "2023.10.10"]
[SourceVersion "1"]
[SourceVersionDate "2023.10.10"]
[SourceQuality "1"]

1. e4 c6 2. d4 d5 3. e5 Bf5 4. Nd2 e6 5. Nb3 Nd7 6. Nf3 h6 7. Be2 Ne7 8. 0-0 Bh7 9. Be3 Nf5 10. Qd2 Be7 11. a4 0-0 12. Bd3 Rc8 13. Rac1 Nxe3 14. Bxh7+ Kxh7 15. Qxe3 c5 16. dxc5 Nxc5 17. Nxc5 Bxc5 18. Qd3+ Kg8 19. c3 Qc7 20. h3 Be7 21. Rfe1 Qc4 22. Qd1 Rfd8 23. Nd4 a6 24. b3 Qc7 25. Qg4 Qd7 26. Re3 Kh8 27. Rg3 Rg8 28. Re1 b5 29. axb5 axb5 30. Ree3 Qe8 31. Ref3 b4 32. Qf4 bxc3 33. Rxc3 Rxc3 34. Rxc3 Bg5 35. Qg4 Qe7 36. g3 Bd2 37. Rd3 Bc1 38. Rf3 Bb2 39. h4 Bxd4 40. Qxd4 Rc8 41. Qf4 Kg8 42. h5 Rb8 43. Kg2 Rb4 44. Qc1 Rb8 45. Qc6 Qb7 46. Qd6 Rc8 47. b4 Qc7 48. Qxc7 Rxc7 49. b5 Rb7 50. Rb3 Kf8 51. Kf3 Ke7 52. Ke3 f6 53. f4 Kd7 54. Kd4 Rc7 55. b6 Rc4+ 56. Kd3 Kc8 57. Ra3 Kb7 58. Ra7+ Kxb6 59. Rxg7 fxe5 60. fxe5 Kc5 61. Rc7+ Kb5 62. Rxc4 dxc4+ 63. Kc3 Kc5 64. g4 Kd5 65. g5 Kxe5 66. g6 Kf6 67. Kxc4 Kg7 68. Kd4 Kf6 69. Ke4 e5 70. Kd5 e4 71. Kxe4 Kg7 72. Kf5 Kg8 73. Ke6 Kf8 74. Kf6 Kg8 75. Ke7 Kg7 76. Ke8 Kg8 77. Ke7 Kg7 78. Ke6 Kg8 79. Ke5 Kg7 80. Kf5 Kg8 81. Kf6 Kf8 82. g7+ Kg8 83. Kg6 1/2-1/2

[Event "ESP-ch U14 rapid"]
[Site "Salobrena"]
[Date "2023.07.22"]
[Round "4"]
[White "Fernandez Ramos, Iago"]
[Black "Pleschke, Julius Jonas"]
[Result "1/2-1/2"]
[WhiteElo "1934"]
[BlackElo "1730"]
[PlyCount "104"]
[EventDate "2023.07.22"]
[EventType "swiss (rapid)"]
[EventRounds "9"]
[EventCountry "ESP"]
[SourceTitle "EXT 2024"]
[Source "ChessBase"]
[SourceDate "2023.10.10"]
[SourceVersion "1"]
[SourceVersionDate "2023.10.10"]
[SourceQuality "1"]

1. e4 c6 2. d4 d5 3. exd5 cxd5 4. Bd3 Nc6 5. c3 Nf6 6. Bf4 g6 7. Nf3 Bg7 8. Nbd2 Bf5 9. Bxf5 gxf5 10. Ne5 e6 11. Qb3 Qc8 12. Ndf3 0-0 13. Nxc6 bxc6 14. 0-0 Ne4 15. Qc2 c5 16. dxc5 Qxc5 17. Nd2 Rac8 18. Nxe4 fxe4 19. Qd2 Qe7 20. f3 f5 21. fxe4 fxe4 22. Bg5 Qd7 23. Bh6 Qe7 24. Qe3 Kh8 25. Bxg7+ Qxg7 26. Rxf8+ Rxf8 27. Rf1 Rxf1+ 28. Kxf1 Qf7+ 29. Qf2 Qe7 30. Ke2 Kg8 31. Qg3+ Kf7 32. Qf4+ Kg8 33. Qe5 Kf7 34. c4 Qb7 35. Qh5+ Kg7 36. Qg5+ Kf7 37. Qf4+ Kg8 38. Qg5+ Kf7 39. Qf4+ Ke8 40. Qd2 Qa6 41. Qd4 Qxa2 42. cxd5 exd5 43. Qh8+ Kd7 44. Qxh7+ Kc6 45. Qh6+ Kd7 46. Qg7+ Kc6 47. Qf6+ Kd7 48. Qf7+ Kd6 49. Qf6+ Kd7 50. Qf7+ Kd6 51. Qf6+ Kd7 52. Qf7+ Kd6 1/2-1/2

[Event "ESP-ch U14"]
[Site "Salobrena"]
[Date "2023.07.20"]
[Round "6"]
[White "Pleschke, Julius Jonas"]
[Black "Kowalski Rubiales, Nicholas"]
[Result "1-0"]
[WhiteElo "1873"]
[BlackElo "1658"]
[PlyCount "143"]
[EventDate "2023.07.17"]
[EventType "swiss"]
[EventRounds "9"]
[EventCountry "ESP"]
[SourceTitle "EXT 2024"]
[Source "ChessBase"]
[SourceDate "2023.10.10"]
[SourceVersion "1"]
[SourceVersionDate "2023.10.10"]
[SourceQuality "1"]

1. d4 Nf6 2. Nc3 d6 3. e4 Nbd7 4. Nf3 e5 5. Bc4 Be7 6. 0-0 c6 7. dxe5 dxe5 8. a4 a5 9. Qe2 Qc7 10. h3 h6 11. Re1 0-0 12. Bd2 Nc5 13. Rad1 Ne6 14. Bc1 Bb4 15. Ba2 g5 16. g3 Nd4 17. Nxd4 exd4 18. Rxd4 Bc5 19. Be3 Bxh3 20. Rd3 Bd6 21. Bb6 Qxb6 22. Rxd6 Ng4 23. Bb3 Rad8 24. e5 Rde8 25. e6 fxe6 26. Ne4 Ne5 27. Qh5 Bf5 28. Nf6+ Rxf6 29. Qxe8+ Rf8 30. Bxe6+ Bxe6 31. Qxe6+ Rf7 32. Rd8+ Qxd8 33. Qxe5 Qb6 34. Re2 Qc7 35. Qc3 Qd8 36. Qe3 Qc7 37. Qe4 Kg7 38. Qd4+ Rf6 39. b3 b5 40. Qe5 Qxe5 41. Rxe5 bxa4 42. bxa4 Rd6 43. Rxa5 Kf6 44. Kg2 Ke6 45. Rc5 Kd7 46. Kf3 Rd4 47. a5 Ra4 48. Rf5 Kd6 49. Rf6+ Kd5 50. Rxh6 Rxa5 51. Kg4 c5 52. Kxg5 Ra2 53. f4 Rxc2 54. f5 Rf2 55. g4 c4 56. Rh8 c3 57. Rc8 c2 58. Kg6 Ke5 59. Rc7 Kd6 60. Rc3 Ke5 61. Rc8 Rf4 62. Kg5 Rf2 63. Rc7 Kd6 64. Rc3 Ke5 65. Rc8 Kd5 66. Kf6 Ke4 67. Ke6 Rg2 68. f6 Kd3 69. f7 Rf2 70. g5 Rf4 71. g6 Re4+ 72. Kf6 1-0

[Event "ESP-ch U14"]
[Site "Salobrena"]
[Date "2023.07.19"]
[Round "4"]
[White "Pleschke, Julius Jonas"]
[Black "Oubina Pazos, Ricardo"]
[Result "1/2-1/2"]
[WhiteElo "1873"]
[BlackElo "1656"]
[PlyCount "115"]
[EventDate "2023.07.17"]
[EventType "swiss"]
[EventRounds "9"]
[EventCountry "ESP"]
[SourceTitle "EXT 2024"]
[Source "ChessBase"]
[SourceDate "2023.10.10"]
[SourceVersion "1"]
[SourceVersionDate "2023.10.10"]
[SourceQuality "1"]

1. Nf3 Nf6 2. g3 d5 3. Bg2 c6 4. 0-0 e6 5. d4 Be7 6. c4 0-0 7. Nbd2 Nbd7 8. Qc2 h6 9. e4 dxe4 10. Nxe4 Nxe4 11. Qxe4 c5 12. Rd1 Nf6 13. Qe2 cxd4 14. Nxd4 Qb6 15. Nb3 Bd7 16. Be3 Qc7 17. Bf4 Qb6 18. c5 Bb5 19. Qe1 Qa6 20. Bd6 Rae8 21. h3 b6 22. Bxe7 Rxe7 23. Qe3 Bc4 24. cxb6 Qxb6 25. Qxb6 axb6 26. Nd4 Bd5 27. Bxd5 Nxd5 28. Rac1 Rc7 29. Nb5 Rxc1 30. Rxc1 Rb8 31. a3 g6 32. Kf1 Kg7 33. Ke2 Rd8 34. Rc6 Kg8 35. Nc3 Nxc3+ 36. Rxc3 Rd5 37. Rd3 Rc5 38. Kd2 Kf8 39. b4 Rc7 40. Rd6 Rb7 41. Rc6 Ke7 42. b5 Ra7 43. Rxb6 Rxa3 44. Rb7+ Kf6 45. b6 Ra2+ 46. Ke3 Rb2 47. Rb8 Rb3+ 48. Kd4 e5+ 49. Kc4 Rb1 50. b7 Rc1+ 51. Kd3 Rb1 52. Kc2 Rb6 53. Kd3 Rb1 54. Kc4 Rc1+ 55. Kd5 Rd1+ 56. Ke4 Re1+ 57. Kd3 Rb1 58. Ke4 1/2-1/2

[Event "ESP-ch U14"]
[Site "Salobrena"]
[Date "2023.07.18"]
[Round "9"]
[White "Torres Rebolledo, Alvaro"]
[Black "Pleschke, Julius Jonas"]
[Result "1-0"]
[WhiteElo "2113"]
[BlackElo "1873"]
[PlyCount "99"]
[EventDate "2023.07.17"]
[EventType "swiss"]
[EventRounds "9"]
[EventCountry "ESP"]
[SourceTitle "EXT 2024"]
[Source "ChessBase"]
[SourceDate "2023.10.10"]
[SourceVersion "1"]
[SourceVersionDate "2023.10.10"]
[SourceQuality "1"]

1. e4 c6 2. Nc3 d5 3. Nf3 dxe4 4. Nxe4 Nf6 5. Qe2 Nxe4 6. Qxe4 Nd7 7. Bc4 Nf6 8. Ne5 e6 9. Qe2 b5 10. Bd3 Qc7 11. a4 b4 12. b3 Bb7 13. Bb2 Be7 14. a5 Rd8 15. 0-0 0-0 16. Qe3 c5 17. a6 Ba8 18. Rae1 Rfe8 19. Qh3 g6 20. Nxf7 Kxf7 21. Qxe6+ Kg7 22. Bc4 Qc6 23. Qf7+ Kh6 24. f3 Qd7 25. Bxf6 Bxf6 26. Qxd7 Rxd7 27. Rxe8 Bd5 28. Bxd5 Rxd5 29. Re6 Bd8 30. d3 Bb6 31. Rxb6 axb6 32. a7 Rd8 33. Ra1 Ra8 34. Kf2 Kg5 35. Ke3 Kf5 36. d4 Ke6 37. dxc5 bxc5 38. Ke4 Kd6 39. Ra6+ Kc7 40. Kd5 Kb7 41. Ra1 Kb6 42. f4 Rd8+ 43. Ke6 Ra8 44. g4 c4 45. f5 cxb3 46. cxb3 Kc5 47. f6 Kd4 48. f7 Kc3 49. Ke7 Kxb3 50. f8Q 1-0

[Event "ESP-ch U14"]
[Site "Salobrena"]
[Date "2023.07.17"]
[Round "2"]
[White "Pleschke, Julius Jonas"]
[Black "Bangiev, Katharina"]
[Result "1/2-1/2"]
[WhiteElo "1873"]
[BlackElo "1627"]
[PlyCount "158"]
[EventDate "2023.07.17"]
[EventType "swiss"]
[EventRounds "9"]
[EventCountry "ESP"]
[SourceTitle "EXT 2024"]
[Source "ChessBase"]
[SourceDate "2023.10.10"]
[SourceVersion "1"]
[SourceVersionDate "2023.10.10"]
[SourceQuality "1"]

1. d4 Nf6 2. c4 g6 3. Nf3 Bg7 4. Nc3 d5 5. cxd5 Nxd5 6. Bg5 Nxc3 7. bxc3 0-0 8. e3 c5 9. Bc4 Nc6 10. 0-0 Bg4 11. h3 Bxf3 12. Qxf3 Qa5 13. Bd5 cxd4 14. cxd4 e6 15. Bxc6 bxc6 16. Be7 Rfc8 17. Bc5 Qc7 18. Rab1 Rab8 19. Qe2 Bf8 20. Qc4 Rxb1 21. Rxb1 Rb8 22. Rc1 Bxc5 23. Qxc5 Rc8 24. g3 Qb6 25. Qc2 Kf8 26. Qc3 Ke7 27. Qc2 Kd7 28. Kg2 Qa5 29. Rb1 Rc7 30. Kh2 Qa6 31. Rb8 Rc8 32. Rb1 Rc7 33. Qd2 Rb7 34. Rc1 Qa3 35. Qc2 Rb6 36. Rb1 Rxb1 37. Qxb1 Kc7 38. Qc2 Qa5 39. Qe2 Qa3 40. Kg2 Qa5 41. Qb2 Qb6 42. Qa3 Kb7 43. Qe7+ Qc7 44. Qf8 Qd7 45. Qb4+ Kc7 46. e4 f5 47. f3 Qd6 48. Qc4 Kb7 49. Kf2 c5 50. Qb5+ Kc7 51. Qa5+ Kb7 52. dxc5 Qd4+ 53. Ke2 Qc4+ 54. Kd2 fxe4 55. fxe4 Qxe4 56. Qb5+ Kc7 57. Qa5+ Kb7 58. Qb5+ Kc7 59. Qa5+ Kb7 60. a4 Qg2+ 61. Kc1 Qxg3 62. Qb5+ Kc7 63. Qa5+ Kb7 64. Qb4+ Kc7 65. Qa5+ Kb7 66. Qb4+ Kc7 67. Qd4 Qe1+ 68. Kc2 Qe2+ 69. Kc1 Qe1+ 70. Kb2 Qe2+ 71. Kc1 Qe1+ 72. Kc2 Qe2+ 73. Kb3 Qf3+ 74. Kb2 Qe2+ 75. Ka3 Qf3+ 76. Kb2 Qe2+ 77. Kc1 Qe1+ 78. Kc2 Qe2+ 79. Kc1 Qe1+ 1/2-1/2

[Event "La Palma Island op"]
[Site "Santa Cruz de La Palma"]
[Date "2022.08.09"]
[Round "6"]
[White "Del Rey, Diego"]
[Black "Pleschke, Julius Jonas"]
[Result "1-0"]
[WhiteElo "2332"]
[BlackElo "1774"]
[PlyCount "93"]
[EventDate "2022.08.06"]
[EventType "swiss"]
[EventRounds "9"]
[EventCountry "ESP"]
[SourceTitle "CBM 209 Extra"]
[Source "ChessBase"]
[SourceDate "2022.09.30"]
[SourceVersion "1"]
[SourceVersionDate "2022.09.30"]
[SourceQuality "1"]

1. d4 Nf6 2. Bg5 e6 3. e4 h6 4. Bxf6 Qxf6 5. c3 d5 6. e5 Qd8 7. Nf3 c5 8. Bd3 Nc6 9. dxc5 a5 10. 0-0 Bxc5 11. Nbd2 0-0 12. Nb3 Bb6 13. Bc2 g6 14. h4 h5 15. Qd2 Kg7 16. Nbd4 Nxd4 17. cxd4 Bd7 18. Bd3 Rc8 19. Qf4 Qe7 20. Rae1 Ba4 21. b3 Bd7 22. Re3 Rc3 23. Bb1 Rfc8 24. g4 hxg4 25. Qxg4 Rc1 26. Bd3 Rxf1+ 27. Kxf1 Rh8 28. Ng5 Be8 29. Rf3 Qb4 30. Rf4 Bd8 31. Kg2 Qd2 32. Bxg6 Bxg5 33. Qxg5 fxg6 34. Rf7+ Bxf7 35. Qxd2 Rxh4 36. Kg3 Rh5 37. Qxa5 Rg5+ 38. Kf4 Rf5+ 39. Ke3 g5 40. Qb6 g4 41. Qxb7 Kh6 42. Qe7 Rf3+ 43. Ke2 Bh5 44. Qxe6+ Kg5 45. Ke1 Kh4 46. Qxd5 Kh3 47. e6 1-0

[Event "ESP-ch States U14"]
[Site "Isla"]
[Date "2022.06.25"]
[Round "5"]
[White "Cereijo Suarez, Alejandro"]
[Black "Pleschke, Julius Jonas"]
[Result "1/2-1/2"]
[WhiteElo "1923"]
[BlackElo "1633"]
[PlyCount "93"]
[EventDate "2022.06.23"]
[EventType "swiss"]
[EventRounds "6"]
[EventCountry "ESP"]
[SourceTitle "EXT 2023"]
[Source "ChessBase"]
[SourceDate "2022.10.05"]
[SourceVersion "1"]
[SourceVersionDate "2022.10.05"]
[SourceQuality "1"]

1. e4 c6 2. d4 d5 3. Nc3 dxe4 4. Nxe4 Nf6 5. Nxf6+ exf6 6. c3 Bd6 7. Bd3 0-0 8. Ne2 Re8 9. 0-0 Nd7 10. Qc2 Nf8 11. Bd2 Be6 12. c4 a5 13. Rac1 Rc8 14. Rfd1 Bg4 15. f3 Bh5 16. Be1 Qe7 17. Ng3 Bg6 18. Bxg6 hxg6 19. Ne4 Bc7 20. Qd2 g5 21. Bg3 Ng6 22. Bxc7 Qxc7 23. d5 cxd5 24. cxd5 Qb6+ 25. Kh1 Ne5 26. d6 Nd7 27. Rc7 Rxc7 28. dxc7 Qxc7 29. Qxd7 Qxd7 30. Rxd7 f5 31. Rxb7 fxe4 32. fxe4 f5 33. Rb5 fxe4 34. Kg1 Rd8 35. Kf2 Rd2+ 36. Kg3 a4 37. Ra5 Rxb2 38. Rxa4 e3 39. Re4 Rxa2 40. Rxe3 Kh7 41. Re6 Ra4 42. Rb6 Ra3+ 43. Kg4 Ra2 44. Kh3 Ra3+ 45. g3 Ra2 46. Rb3 g4+ 47. Kxg4 1/2-1/2

[Event "ESP-ch States U14"]
[Site "Isla"]
[Date "2022.06.25"]
[Round "4"]
[White "Pleschke, Julius Jonas"]
[Black "Sureda Gonzalez, Cristina"]
[Result "1-0"]
[WhiteElo "1633"]
[BlackElo "1747"]
[PlyCount "51"]
[EventDate "2022.06.23"]
[EventType "swiss"]
[EventRounds "6"]
[EventCountry "ESP"]
[SourceTitle "EXT 2023"]
[Source "ChessBase"]
[SourceDate "2022.10.05"]
[SourceVersion "1"]
[SourceVersionDate "2022.10.05"]
[SourceQuality "1"]

1. e4 c5 2. Nf3 d6 3. d4 cxd4 4. Nxd4 Nf6 5. Nc3 a6 6. Bg5 e6 7. f4 Be7 8. Qf3 Qc7 9. 0-0-0 Nbd7 10. g4 h6 11. Bxf6 Bxf6 12. h4 b5 13. Bxb5 Kf8 14. Bxd7 Bxd7 15. e5 dxe5 16. fxe5 Rb8 17. exf6 g6 18. Rhe1 Qb6 19. Nb3 Bc6 20. Qe3 Qb7 21. Rd6 Kg8 22. h5 g5 23. Ne4 Bd5 24. Nc3 Bc6 25. Red1 Rf8 26. Na5 1-0